000 00829nam a2200253Ia 4500
003 OSt
005 20260105152638.0
008 210716s2012 xx 000 0 und d
020 _a9788132204466
040 _cAIMIT LIBRARY
041 _aeng
082 _a006.4
_21
_bESCF
100 _aEscolano, Francisco.
_9250159
245 _aInformation theory in computer vision and pattern recognition /
_cForeword by Alan Yuille.
250 _a1st ed.
260 _aNew Delhi :
_bSpringer ,
_c2012.
300 _axvii,355p. ;
_bPB
_c24.3 cm
650 _aInterest Points edges and contour grouping
_9250160
650 _aRegistration matching and recognition
_9250161
650 _aImage and pattern clustering
_9250162
700 _aSuau, Pablo.
_9250163
700 _aBonev, Boyan.
_9250164
942 _2ddc
_cBK
_e1st
_k006.4 ESCF
999 _c194367
_d194367